000 00371 a2200145 4500
005 20250714154449.0
020 _a978- 9987-08-074-8
082 _a343.678 MAM
100 _aMAMBI, A .J .
245 _aICT Law Book
250 _a2nd Ed,
260 _aDar es salaam,
_bMkuki na Nyota,
_c2014.
300 _axxi, 294p.:
_bbibliography & index,
_c23cm.
942 _2ddc
_cBKS
999 _c6683
_d6683